| 000 | 00917cab a2200265 4500 | ||
|---|---|---|---|
| 001 | ABS53540 | ||
| 008 | 090401t1995 xxu||||| |||| 00| 0 eng d | ||
| 035 | _a(Sirsi) u5000 | ||
| 041 | _aeng | ||
| 100 | _aEvans, B. | ||
| 245 | _aMaking buildings healthier | ||
| 260 | _c1995 | ||
| 350 | _a0 | ||
| 490 |
_aArchitects` Journal _v202(10) 14 September 1995, 57-59(3) |
||
| 520 | _aA recent conference on building health showed the importance of design in creating more healthy working environments. This article summarises those areas which are now receiving more consideration. | ||
| 650 | _aBUILT ENVIRONMENT-CONSTRUCTION DESIGN | ||
| 650 |
_aBUILDING REGULATIONS _96224 |
||
| 650 | _aDISPLACEMENT VENTILATION | ||
| 650 | _aENVIRONMENTAL FACTORS | ||
| 650 |
_aHEALTH AND SAFETY _96244 |
||
| 650 | _aOFFICE HEALTH | ||
| 690 | _aBUILT ENVIRONMENT-CONSTRUCTION DESIGN | ||
| 942 | _n0 | ||
| 948 | _c04/03/1997 | ||
| 999 |
_c3011 _d3011 |
||